The phantom of the Opera / (Registro nro. 11204)

Detalles MARC
000 -LEADER
fixed length control field 00774cam a2200337 c 4500
001 - CONTROL NUMBER
control field 092147
003 - CONTROL NUMBER IDENTIFIER
control field DO-SdBNP
005 - DATE AND TIME OF LATEST TRANSACTION
control field 20160829130759.0
007 - PHYSICAL DESCRIPTION FIXED FIELD--GENERAL INFORMATION
fixed length control field 092147
008 - FIXED-LENGTH DATA ELEMENTS--GENERAL INFORMATION
fixed length control field 110804s1997 ig a | |||| 000 1 eng
015 ## - NATIONAL BIBLIOGRAPHY NUMBER
National bibliography number
017 ## - COPYRIGHT OR LEGAL DEPOSIT NUMBER
Assigning agency
020 ## - INTERNATIONAL STANDARD BOOK NUMBER
International Standard Book Number 0194227073
035 ## - SYSTEM CONTROL NUMBER
System control number
040 ## - CATALOGING SOURCE
Original cataloging agency BPMSU
Language of cataloging spa
Transcribing agency BPMSU
Description conventions
041 1# - LANGUAGE CODE
Language code of text/sound track or separate title eng
Language code of original
080 ## - UNIVERSAL DECIMAL CLASSIFICATION NUMBER
Universal Decimal Classification number
100 1# - MAIN ENTRY--PERSONAL NAME
Personal name Bassstt, Jennifer
245 14 - TITLE STATEMENT
Title The phantom of the Opera /
Statement of responsibility, etc. Jennifer Bassett
250 ## - EDITION STATEMENT
Edition statement 10a. ed.
260 ## - PUBLICATION, DISTRIBUTION, ETC. (IMPRINT)
Place of publication, distribution, etc. England :
Name of publisher, distributor, etc. Oxford Bookworms
Date of publication, distribution, etc. 1997
300 ## - PHYSICAL DESCRIPTION
Extent 126 p.:
Other physical details
Dimensions 21 cm
Accompanying material
336 ## - CONTENT TYPE
Content type term
Source
337 ## - MEDIA TYPE
Media type term
Source
490 0# - SERIES STATEMENT
Series statement editor
500 ## - GENERAL NOTE
General note
650 #7 - SUBJECT ADDED ENTRY--TOPICAL TERM
Topical term or geographic name as entry element
Form subdivision
Source of heading or term
830 ## - SERIES ADDED ENTRY--UNIFORM TITLE
Uniform title editor
942 ## - ADDED ENTRY ELEMENTS (KOHA)
Source of classification or shelving scheme Dewey Decimal Classification
Koha item type Libros
956 ## - LOCAL ELECTRONIC LOCATION AND ACCESS (OCLC)
Host name VMATEO
Access number 10
Compression information 20160829
Path BPMSU
Electronic name 0069
Existencias
Withdrawn status Lost status Source of classification or shelving scheme Damaged status Not for loan Collection code Home library Current library Date acquired Source of acquisition Total Checkouts Barcode Date last seen Price effective from Koha item type
    Dewey Decimal Classification       Biblioteca Pública Metropolitana Salomé Ureña Biblioteca Pública Metropolitana Salomé Ureña 08/29/2016 SELLAR   BPMET16080248 08/29/2016 08/29/2016 Libros